000 00552nam a2200169 i 4500
001 89478
003 ES-MaACL
005 20230906180202.0
007 t|
008 050111s1965 sp ||||1| spa d
100 1 _aLanternari, Vittorio.
_970101
245 1 0 _aMovimientos religiosos de libertad y salvación en los pueblos oprimidos /
_cVittorio Lanternari ; traducción de Andrés Lupo.
260 _aBarcelona :
_bSeix Barral,
_c[1965]
300 _aXI, 405 p. ;
_c20 cm.
700 1 _aLupo, Andrés.
_974803
852 _aES-MaACL
_jC-28826
_bR.58045
999 _c89478
_d89478